000 00662nam a2200241Ia 4500
003 OSt
005 20230623113656.0
008 210423s2013 xx 000 0 und d
020 _a978-93-80250-75-5
040 _cAL
041 _aeng
082 _a512.9434 GOLM
100 _aGOLUB (Gene H);LOAN (Charles F Van)
_9112737
245 _aMatrix computations Ed 4
_cSESHADRI (C S)
250 _a4
260 _aNew Delhi
_bHindustan Book Agency
_c2013
300 _axxi,758
_bPB
365 _b1200
_cINR
440 _aTexts and readings in mathematics 43
_9112738
650 _aAlgebra
_9112739
906 _acomputations ; Ed ; Matrix
942 _2ddc
_cBK
999 _c168075
_d168075